000 00721nam a2200217Ia 4500
001 3257
003 GE_BSU
008 181216s||||||||xx |||||||||||||| ||und||
040 _cGE_BSU
080 _a621.001.2(035)
100 _aАнурьев,В.И.
245 _aСправочник конструктора-машиностроителя в 3-х томах. Т.1
245 _cРед. Т.С.Грачева, Л.П.Рыжова.
250 _aизд. 5-е, перераб и доп.
260 _aМ.
260 _bМашиностроение.
260 _c1980.
300 _a728стр. 22см. илл.
653 _aСправочник конструктора-машиностроителя.
942 _cBK
999 _c37298
_d37298